Selected mystical writings of William Law /

Bibliographic Details
Main Author: Law, William, 1686-1761
Other Authors: Hobhouse, Stephen, 1881-1961 (Editor), Huxley, Aldous, 1894-1963 (writer of foreword.)
Format: Book
Language:English
Published: New York, Harper, 1948.
Edition:[2d ed. rev.].
Subjects:

MARC

Tag First Indicator Second Indicator Subfields
LEADER 00000cam a2200000 4500
001 in00000038489
005 20240625161026.0
008 820507s1948 nyuh b 001 0 eng
010 |a  48007408  
019 |a 1619704  |a 213792528 
029 1 |a AU@  |b 000028070948 
029 1 |a HEBIS  |b 103391304 
035 |a (OCoLC)ocm08408065  
035 |a (OCoLC)8408065  |z (OCoLC)1619704  |z (OCoLC)213792528 
035 |a (OCoLC)ocm08408065  
040 |a DLC  |b eng  |c CUT  |d OCL  |d ZIH  |d FDA  |d OCLCG  |d STF  |d NHI  |d OCLCA  |d OCLCQ  |d OCLCO  |d OCLCF  |d OCLCO  |d YBM  |d OCLCL  |d OCLCQ 
050 0 4 |a BV5080  |b .L3 1948 
082 4 |a 149.3  |b L41s 
100 1 |a Law, William,  |d 1686-1761.  |1 https://id.oclc.org/worldcat/entity/E39PBJmHJJ9C6FmfkbHDFXfyVC 
245 1 0 |a Selected mystical writings of William Law /  |c edited with notes and twenty-four studies in the mystical theology of William Law and Jacob Boehme and an enquiry into the influence of Jacob Boehme on Isaac Newton, by Stephen Hobhouse. Foreword by Aldous Huxley. 
250 |a [2d ed. rev.]. 
260 |a New York,  |b Harper,  |c 1948. 
300 |a xxiii, 425 pages  |b facsimile  |c 22 cm 
336 |a text  |b txt  |2 rdacontent 
337 |a unmediated  |b n  |2 rdamedia 
338 |a volume  |b nc  |2 rdacarrier 
504 |a "Short bibliography": pages 391-392. 
650 0 |a Mysticism. 
600 1 0 |a Böhme, Jakob,  |d 1575-1624. 
600 1 0 |a Newton, Isaac,  |d 1642-1727. 
650 2 |a Mysticism 
650 6 |a Mysticisme. 
650 7 |a mysticism.  |2 aat 
600 1 7 |a Böhme, Jakob,  |d 1575-1624.  |2 fast  |0 (OCoLC)fst00029157  |1 https://id.oclc.org/worldcat/entity/E39PBJbGWKyPhMPmwd9rB8fcyd 
600 1 7 |a Newton, Isaac,  |d 1642-1727.  |2 fast  |0 (OCoLC)fst01801333  |1 https://id.oclc.org/worldcat/entity/E39PBJk93d6bYmhP6RHXDkQcyd 
650 7 |a Mysticism.  |2 fast  |0 (OCoLC)fst01031629 
700 1 |a Hobhouse, Stephen,  |d 1881-1961,  |e editor.  |1 https://id.oclc.org/worldcat/entity/E39PBJvHdgf3KKFKjyMQrt9dQq 
700 1 |a Huxley, Aldous,  |d 1894-1963,  |e writer of foreword. 
758 |i has work:  |a Selected mystical writings of William Law (Text)  |1 https://id.oclc.org/worldcat/entity/E39PCGYFtwXdV7mXwW4WCMfC8K  |4 https://id.oclc.org/worldcat/ontology/hasWork 
948 |h HELD BY TXA - 143 OTHER HOLDINGS 
994 |a Z0  |b TXA 
999 f f |s 928ac21e-3a3a-38d8-bd3f-65bfa75d28fc  |i 9e50aab1-9349-30f0-ba08-cd528a6b4fee  |t 0 
952 f f |p ric  |a Texas A&M University  |b Rellis Campus  |c Joint Library Facility  |d Remote Storage  |t 0  |e BV5080 .L3 1948  |h Library of Congress classification  |i unmediated -- volume  |m A14800519381 
998 f f |a BV5080 .L3 1948  |t 0  |l Remote Storage